| 000 | 00441nam a22001577a 4500 | ||
|---|---|---|---|
| 003 | PILC | ||
| 005 | 20150320122744.0 | ||
| 008 | 150320b xxu||||| |||| 00| 0 eng d | ||
| 020 | _a0906607361 | ||
| 050 |
_aHD 31 _b.T564 1988 |
||
| 100 | _aTietjen, Tina. | ||
| 245 |
_aThe unorganised manager / _cTina Tietjen. |
||
| 260 |
_aEngland : _bVideo Arts Ltd., _cc1988. |
||
| 300 |
_a32 pages : _bcolored illustrations ; _c22 cm. |
||
| 942 |
_2lcc _cBK |
||
| 999 |
_c283805 _d283805 |
||